| 000 | 01166nam a22003617a 4500 | ||
|---|---|---|---|
| 003 | DO-SdBPM | ||
| 005 | 20251202080033.0 | ||
| 007 | ta | ||
| 008 | 171123b2016 sp a c|| |||| 00| 0 spa d | ||
| 020 | _a9788444110691 | ||
| 040 |
_aDO-SdBPM _bspa _cBPMSU _erda |
||
| 082 | 4 |
_aR912 _bG216a 2016 _2 22 |
|
| 100 | 1 |
_aGarcía Ablanedo, Eduardo _eautor _4aut. |
|
| 245 | 0 | 0 |
_aAtlas mundial contemporáneo / _c Eduardo García Ablanedo, Ana Rodríguez Vega ; dirección Raquel López Valera |
| 260 |
_b _c |
||
| 264 |
_aBarcelona : _bEverest Internacional, _c2016 |
||
| 300 |
_a125 páginas : _bilustraciones, mapas. ; _c30 cm. |
||
| 336 |
_atexto _btxt _2rdacontent |
||
| 337 |
_asin mediación _bn _2rdamedia |
||
| 338 |
_avolumen _bnc _2rdacarrier |
||
| 500 | _aIncluye índices | ||
| 590 | _aInventariado, 2025/VM | ||
| 590 | _6Inventariado, 2025/VM | ||
| 650 | 7 | _aAtlas | |
| 650 | 7 | _aMapas | |
| 650 | 7 |
_aGeografía física _vAtlas |
|
| 651 | 4 | _x | |
| 700 | 1 |
_aRodríguez Vega, Ana _eautora |
|
| 700 | 1 |
_a López Valera, Raquel _edirección |
|
| 710 | 2 | _aEverest Internacional | |
| 910 | _aVMateo V. Control de calidad. BPMSU | ||
| 942 |
_2ddc _cBK |
||
| 999 |
_c15555 _d15555 |
||